| 000 | 00729nam a22001817a 4500 | ||
|---|---|---|---|
| 999 |
_c4542 _d4542 |
||
| 001 | 12511 | ||
| 003 | BD-DhUAP | ||
| 005 | 20201112144200.0 | ||
| 008 | 201112s1999 ii a|||| |||| 000 0 ben d | ||
| 040 |
_aBD-DhUAP _bBen _cBD-DhUAP _dBD-DhUAP |
||
| 082 |
_223 _a306.0954 PON |
||
| 100 | _aপণ্ডা, দীপককুমার বড়। | ||
| 245 |
_aপটুয়া সংস্কৃতি : _b পরম্পরা ও পরিবর্তন / _cদীপককুমার বড় পণ্ডা |
||
| 260 |
_aকলকাতা : _bশতাব্দী, _cc১৯৯৯। |
||
| 300 |
_a১৭৬ পৃষ্ঠা : _bচিত্র ; _c২১ সেমি.। |
||
| 650 |
_aCulture _zIndia. |
||
| 942 |
_2ddc _cBK |
||